00291 a2200121 4500001000700000020001800007040003500025100001800060240003800078245003300116300001100149362000900160157023 a9788590695004 cEscola São Tomás de Aquino aMEIER, Marcos10aMediação da aprendizagemlpor10aMediação da aprendizagem a212 p.0 a2007